Machine learning of inductive bias
Αποθηκεύτηκε σε:
| Κύριος συγγραφέας: | |
|---|---|
| Μορφή: | Βιβλίο |
| Γλώσσα: | English |
| Δημοσίευση: |
Boston :
Kluwer Academic Publishers,
c1986
|
| Σειρά: | Kluwer international series in engineering and computer science. Knowledge representation, learning and expert systems
|
| Θέματα: | |
| Ετικέτες: |
Προσθήκη ετικέτας
Δεν υπάρχουν, Καταχωρήστε ετικέτα πρώτοι!
|
MARC
| LEADER | 00000cam a2200000 i 4500 | ||
|---|---|---|---|
| 001 | 1/55534 | ||
| 008 | 941103s1986 eng d | ||
| 020 | |a 0898382238 | ||
| 035 | |l 10045311 | ||
| 035 | |a 1993 |c ΠΑΝΑΓΙΩΤΟΠΟΥΛΟΣ | ||
| 040 | |a GR-MY-UA |b gre |e aacr | ||
| 041 | 0 | |a eng | |
| 082 | 0 | |a 006.31 |2 (19) | |
| 100 | 1 | |a Utgoff, Paul E. |d 1951- | |
| 245 | 1 | 0 | |a Machine learning of inductive bias / |c by Paul E. Utgoff |
| 260 | |a Boston : |b Kluwer Academic Publishers, |c c1986 | ||
| 300 | |a xvi, 165 p.; |b ill.; |c 24 cm | ||
| 490 | 1 | |a The Kluwer international series in engineering and computer science. Knowledge representation, learning, and expert systems | |
| 500 | |a Includes index | ||
| 504 | |a Bibliography: p. 97-103 | ||
| 650 | 0 | 0 | |a Machine learning. |
| 650 | 0 | 0 | |a Artificial intelligence |x Data processing. |
| 650 | 0 | 0 | |a Inductive bias. |
| 830 | 0 | |a Kluwer international series in engineering and computer science. Knowledge representation, learning and expert systems | |
| 852 | |a INST |b SAMOS |e 19941103 |h 006.31 UTG |p 005300003741 |q 005300003741 |t BK |y 0 | ||
| 909 | |a Σ |b 029712 | ||